The timing is all when the market is down (Record no. 81417)

MARC details
000 -LEADER
fixed length control field 00767cab a22002055a 4500
001 - CONTROL NUMBER
control field L147180
008 - FIXED-LENGTH DATA ELEMENTS--GENERAL INFORMATION
fixed length control field 090408e20090404xxkad f v 000 0 eng d
035 ## - SYSTEM CONTROL NUMBER
System control number (Sirsi) u147180
041 0# - LANGUAGE CODE
Language code of text/sound track or separate title eng
100 1# - MAIN ENTRY--PERSONAL NAME
Personal name Cook, Lucian
245 04 - TITLE STATEMENT
Title The timing is all when the market is down
260 ## - PUBLICATION, DISTRIBUTION, ETC.
Date of publication, distribution, etc. 2009
490 #0 - SERIES STATEMENT
Series statement Estates Gazette
Volume/sequential designation (0913) 4 April 2009, 136-137(2)
520 ## - SUMMARY, ETC.
Summary, etc. Argues that leaseholders might be missing an opportunity to enfranchise residential leases at least cost. Illustrates the argument with a hypothetical case study modelled on a flat in central London. Tables.
590 ## - LOCAL NOTE (RLIN)
Local note KA
651 #4 - SUBJECT ADDED ENTRY--GEOGRAPHIC NAME
Geographic name England and Wales
Chronological subdivision 1543-
690 ## - LOCAL SUBJECT ADDED ENTRY--TOPICAL TERM (OCLC, RLIN)
Topical term or geographic name as entry element PROPERTY-LANDLORD AND TENANT-LEASES-LEASEHOLD ENFRANCHISEMENT
700 1# - ADDED ENTRY--PERSONAL NAME
Personal name Stimson, Alastair
942 ## - ADDED ENTRY ELEMENTS (KOHA)
Suppress in OPAC 0
Holdings
Withdrawn status Lost status Source of classification or shelving scheme Damaged status Not for loan Home library Current library Shelving location Date acquired Total Checkouts Full call number Barcode Date last seen Copy number Price effective from Koha item type
    Dewey Decimal Classification     London London Journal article 08/04/2009   L147180 147180-1001 06/08/2019 1 06/08/2019 Journal article